| 000 | 01025nam a2200325 i 4500 | ||
|---|---|---|---|
| 003 | EG-GICUC | ||
| 005 | 20260513015930.0 | ||
| 008 | 260513s2003 fr ||||fr|||| 001 0 fre d | ||
| 040 |
_aEG-GiCUC _bfre _cEG-GiCUC _dEG-GiCUC _eRda |
||
| 041 | _afre | ||
| 082 | 0 | 4 |
_221 _a345.32 _bBR . D |
| 092 | 0 | 4 | _221 |
| 099 | _aLaw1 07 345.32 BR . D 2003 0705091 C1 | ||
| 100 | 1 |
_aBraconnier , Stéphane _eAuteur |
|
| 245 | 1 | 0 |
_aDroit Des Services Publics / _cPar Stéphane Braconnier. |
| 264 |
_aParis : _bPresses Universitaires , _c2003. |
||
| 300 |
_a531 page ; _c24 cm. |
||
| 336 |
_2rda contenu _a texte |
||
| 337 |
_2rda medias _aOrdinateur |
||
| 338 |
_2 transporteur rda _a Ressource en ligne |
||
| 490 | 0 | _aThémis Droit Public | |
| 500 | _aIndex Pages : 527-531. | ||
| 546 | _aTexte en français | ||
| 650 | 1 | 4 |
_aDroit administratif _2qrmak |
| 650 | 1 | 4 |
_aÉquipements publics _2qrmak |
| 651 | 1 | _2qrmak | |
| 856 | 4 | 0 | _uhttps://fll.law.cu.edu.eg/fulltext/bks/B07-05091.pdf |
| 905 | _a164 | ||
| 942 |
_2ddc _cBK _e21 _n0 |
||
| 999 |
_c76710 _d76710 |
||